Responses for Show #2441 - Monday, March 27, 1995

Bruce Borchardt game 1.

Contestants

[<< previous game]

Barb Krongold, a newspaper editor from Endicott, New York

Bruce Borchardt, a metrologist originally from Denver, Colorado

Rafael Ornes, a substitute teacher from Palo Alto, California (whose 1-day cash winnings total $16,401)

[next game >>]

Jeopardy! Round responses

WORLD HISTORY
SONGS
U.S. TRAVEL
FAMOUS WOMEN
ROOMS
MILITARY TERMS
    $100 1
China

Bruce
    $100 5
World War I

Rafael
    $100 2
a cat

Bruce
    $100 14
Amelia Earhart

Bruce
    $100 15
library

Barb
    $100 24
mustard gas

Bruce
    $200 12
Jeanne d'Arc (Joan of Arc)

Rafael
    $200 6
night

Barb
    $200 3
Florida

Bruce
    $200 20
(Christa) McAuliffe

Rafael
    $200 16
a gallery

Bruce
    $200 25
zero

Rafael
    $300 13
New Zealand

Barb
    $300 7
Our Town

Barb
    $300 4
Honolulu

Barb
    $300 21
Helen Keller

Barb
    $300 17
oval

Barb
    $300 26
a medic

Bruce
    $400 29
(Bruce: Uh, what is... Russia?)
(Rafael: What is Poland?)

Finland

RafaelBruce
Triple Stumper
    $400 8
Fred Astaire

Bruce
    $400 9
(Alex: [*], Pennsylvania, yes.)

Hershey

Bruce
    $400 22
(Bruce: What is Wyoming?)

Montana

BruceBarb
    $400 18
recreation

Bruce
    $400 27
Spanish Civil War

Bruce
    $2,000 30
Quebec

Bruce
    $500 11
rockin' the boat

Rafael
    $500 10
Field of Dreams

Barb
    $500 23
Mother Jones

Bruce
    $500 19
coatroom

Barb
    $500 28
a convoy

Bruce

Scores at the first commercial break (after clue 15):

Rafael Bruce Barb
$800 $1,300 $1,700

Scores at the end of the Jeopardy! Round:

Rafael Bruce Barb
$800 $4,900 $3,200

Double Jeopardy! Round responses

VICE PRESIDENTS
EUROPEAN GEOGRAPHY
THE BIBLE
DANCE
MODERN AUTHORS
POTPOURRI
    $200 1
(Spiro) Agnew

Rafael
    $200 4
the Mediterranean

Rafael
    $200 7
Goliath

Barb
    $200 8
5

Barb
    $200 26
Stephen King

Barb
    $200 20
the Mona Lisa

Bruce
    $400 2
the War of 1812

Rafael
    $400 16
Germany

Bruce
    $400 13
(Barb: [*]. Uh, who is [*]?)

Lazarus

Barb
    $400 9
Spain

Barb
    $400 27
Louis L'Amour

Barb
    $400 21
fire

Bruce
    $600 3
(Alben) Barkley

Bruce
    $600 17
Jutland

Rafael
    $2,000 14
Sarah

Barb
    $600 10
the Minotaur

Bruce
    $600 28
(Roald) Dahl

Bruce
    $600 22
the Arabian

Barb
    $800 5
(John Nance) Garner

Rafael
    $800 18
the Tagus

Rafael
    $800 15
Endor

Bruce
    $800 11
(Bruce: What is Argentina?)

Brazil

BruceBarb
    $1,000 29
The Prime of Miss Jean Brodie

Bruce
    $800 23
(1 of) zirconium (or zinc)

Bruce
    $1000 6
(Hannibal) Hamlin

Rafael
    $1000 19
the Isle of Man

Bruce
    $1000 25
zealot

Rafael
    $1000 12
the pavane

Barb
    $1000 30
(Robert James) Waller

Rafael
    $1000 24
(Howard) Hughes

Rafael

Scores at the end of the Double Jeopardy! Round:

Rafael Bruce Barb
$7,800 $10,500 $9,400

[wagering suggestions for these scores]

Final Jeopardy! Round responses

SCIENTISTS
(Alex: Well, from the clue, you got the date, you've got the time frame, you've got the fact he was probably Italian, so let's see what you made of that.)
RafaelWho is Fermi?
$5,000
BarbWho was Fermi
$6,201
BruceWho was Fermi?
$8,300
Enrico Fermi

Final scores:

Rafael Bruce Barb
$12,800 $18,800 $15,601
3rd place: Helbros his & hers watches + Jeopardy! Sports Edition for home computer or Super Nintendo Entertainment System New champion: $18,800 2nd place: Gateway 2000 PC + Bush executive desk + Jeopardy! Sports Edition for home computer or Super Nintendo Entertainment System

Game dynamics:

Coryat scores:

Rafael Bruce Barb
$7,800 $8,800 $8,000
15 R,
1 W
24 R
(including 2 DDs),
3 W
20 R
(including 1 DD),
0 W

Combined Coryat: $24,600

[game clues] [game scores] [suggest correction]

Game tape date: 1994-12-07
The J! Archive is created by fans, for fans. Scraping, republication, monetization, and malicious use prohibited; this site may use cookies and collect identifying information. See terms. The Jeopardy! game show and all elements thereof, including but not limited to copyright and trademark thereto, are the property of Jeopardy Productions, Inc. and are protected under law. This website is not affiliated with, sponsored by, or operated by Jeopardy Productions, Inc. Join the discussion at JBoard.tv.